000 00571cam a22002053a 4500
001 45354
003 PGUSA
005 20140828084040.0
008 140409s2014||||xxu|||||s|||||000 | eng d
040 _aPGUSA
_beng
042 _adc
100 1 _aWaite, Major Fred
245 1 0 _aNew Zealanders at Gallipoli
_h[electronic resource] /
_cMajor Fred Waite
260 _bProject Gutenberg,
_c2014
506 _aPublic domain in the USA.
516 _aElectronic text
830 0 _aProject Gutenberg
_v45354
856 4 0 _uhttp://www.gutenberg.org/ebooks/45354
942 _cEB
999 _c274605
_d274605